000 00345pab a2200133 454500
008 180718b xxu||||| |||| 00| 0 eng d
100 _aPellegrin Jean-Pierre
245 _aThe hidden sources of employment
362 _a(185), Dec 93-Jan 94, p.37-40
650 _a Unemployment
650 _aEmployment
773 _aOECD Observer
909 _a26031
999 _c26031
_d26031